Biggest Cities in Denmark - Statistics

General Stats
  • This quiz has been taken 41 times
  • The average score is 7 of 10
Answer Stats
Population Answer % Correct
269,000 Aarhus
100%
1.2m Copenhagen
100%
113,000 Aalborg
93%
177,000 Odense
90%
72,000 Esbjerg
66%
62,000 Randers
52%
50,000 Roskilde
52%
58,000 Horsens
45%
56,000 Vejle
38%
60,000 Kolding
34%
No matching quizzes found
Score Distribution
Percent of People with Each Score
Percentile by Number Answered
Your Score History
You have not taken this quiz